Médaillés Français aux Jeux Olympiques de Milan Cortina 2026 - Statistiques

Statistiques générales
  • Ce quiz a été pris 157 fois
    109 depuis la dernière actualisation
  • Le résultat moyen est 19 sur 23
Statistiques - réponses
Sport Épreuve Athlète Médaille % Correct
Biathlon Relais 4x6km F Camille Bened / Lou Jeanmonnot / Océane Michelon / Julia Simon Or
99%
Biathlon Relais 4x6km Mixte Eric Perrot / Quentin Fillon-Maillet / Lou Jeanmonnot / Julia Simon Or
99%
Biathlon 15km Individuel F Julia Simon Or
99%
Biathlon 12,5km départ groupé F Julia Simon Argent
99%
Biathlon Relais 4x7,5km H Fabien Claude / Émilien Jacquelin / Quentin Fillon-Maillet / Eric Pierrot Or
98%
Biathlon 10km Sprint H Quentin Fillon-Maillet Or
98%
Biathlon 15km départ groupé H Quentin FIllon-Maillet Bronze
98%
Biathlon 15km Individuel F Lou Jeanmonnot Argent
96%
Biathlon 7,5km Sprint F Lou Jeanmonnot Bronze
96%
Biathlon 20km Individuel H Eric Perrot Argent
94%
Biathlon 7,5km Sprint F Océane Michelon Argent
92%
Biathlon 12,5km départ groupé F Océane Michelon Or
92%
Biathlon 12,5km Poursuite H Émilien Jacquelin Bronze
88%
Patinage Artistique Danse sur Glace M Laurence Fournier Beaudry / Guillaume Cizeron Or
85%
Ski de Fond Relais 4x7,5km H Théo Schely / Hugo Lapalus / Mathis Desloges /Victor Lovera Argent
82%
Ski de Fond Skiathlon H Mathis Desloges Argent
81%
Ski de Fond Individuel 10km H Mathis Desloges Argent
81%
Ski Acrobatique Bosses F Perrine Laffont Bronze
75%
Ski Alpinisme Relais M Emily Harrop / Thibault Anselmet Or
63%
Ski Alpinisme Sprint F Emily Harrop Argent
61%
Ski Alpinisme Sprint H Thibault Anselmet Bronze
59%
Ski Alpin Super-G F Romane Miradoli Argent
54%
Snowboard Snowboard cross par équipes M Loan Bozzolo / Léa Casta Bronze
42%
Aucun quiz correspondant
Distribution des résultats
% des personnes avec chaque résultat
Percentile par nombre de réponses
Votre historique - résultats
Vous n’avez pas pris ce quiz depuis la dernière actualisation